Sexo y afecto en personas con discapacidad

Uloženo v:
Podrobná bibliografie
Hlavní autor: López Sánchez, Félix (autor)
Médium: Kniha
Jazyk:španělština
Vydáno: Madrid Biblioteca Nueva 2002
Edice:Biblioteca de la Sexualidad, 3
Témata:
Tagy: Přidat tag
Žádné tagy, Buďte první, kdo vytvoří štítek k tomuto záznamu!

MARC

LEADER 00000nam a2200000 a 4500
001 UCK3472
003 CL-VaPUC
008 050429e20020000SP |||||||||||||||||spa|d
020 |a 8497420071 
082 0 4 |a 306.7  |b LOP  |2 21 
100 |a López Sánchez, Félix  |e autor  |9 537665 
245 1 0 |a Sexo y afecto en personas con discapacidad 
300 |a 227 p 
942 |c BK 
945 |d 20050429 00:00:00  |a cmena 
260 |a Madrid  |b Biblioteca Nueva  |c 2002 
650 0 |a Relaciones interpersonales  |9 307056 
650 0 |a Desarrollo afectivo  |9 334359 
650 7 |a PERSONAS DISCAPACITADAS  |2 CL-VaPUC  |9 459099 
650 0 |a Educación sexual  |9 308005 
650 0 |a Métodos de enseñanza  |9 270413 
583 |a last modification  |c 20050429 00:00:00  |k Rodrigo Vera 
490 0 |a Biblioteca de la Sexualidad, 3 
999 |c 312614  |d 312612 
952 |0 0  |1 0  |4 0  |6 306_700000000000000_LOP_2002  |7 0  |8 A  |9 383156  |a BIBEDU  |b BIBEDU  |d 2019-11-21  |i 4117549  |l 2  |o 306.7 LOP 2002  |p 4117549  |r 2024-09-24  |s 2024-09-06  |w 2019-11-21  |y BK  |k PSI